| 000 | 00490nam a2200193Ia 4500 | ||
|---|---|---|---|
| 005 | 20250423095810.0 | ||
| 008 | 250422s9999 xx 000 0 und d | ||
| 020 | _a9780071247085 | ||
| 050 | _aTP 155.2 .S65/ | ||
| 100 | _aSmith, J.M | ||
| 245 | 0 | _aIntroduction to Chemical Engineering Thermodynamics | |
| 250 | _a7th ed. | ||
| 260 | _aNew delhi | ||
| 260 | _bMcGraw Hill | ||
| 260 | _c2005 | ||
| 300 | _a817 p | ||
| 650 | _a Thermodynamics. Chemical engineering. | ||
| 942 | _cBK | ||
| 999 |
_c31367 _d31367 |
||